000 00547nam a22002177a 4500
003 OSt
005 20260423113720.0
008 260423b |||||||| |||| 00| 0 eng d
020 _a978-93-5962-598-2
040 _cSBCL
082 _a894.8123
_bJOS-H
100 _aJose,Lajo
245 _aHydrangea
250 _a24th ed.
260 _aKozhikode
_bMathrubhumi Books
_c2025
300 _a262p.
630 _xLiterature
650 _aLiteratures of other languages
650 _aAltaic, Uralic, Hyperborean & Dravidian
942 _cBOOK
999 _c138017
_d138017